Sports Quiz

Random Sports Quiz

Top 25 QB's of All-Time Quiz Stats

 Plays Quiz not verified by Sporcle

Support Sporcle.
Go Orange.
Score 0/25 Timer 04:00
0 Plays Today
Team Quarterback % Correct
Indianapolis ColtsPeyton Manning
99.4%
New England PatriotsTom Brady
98.7%
Falcons, Packers, Jets, VikingsBrett Favre
98.4%
Denver BroncosJohn Elway
98.3%
Miami DolphinsDan Marino
98%
49ers, ChiefsJoe Montana
97.8%
Pittsburgh SteelersTerry Bradshaw
94.2%
Buccaneers, 49ers Steve Young
92.9%
Baltimore Colts, ChargersJohnny Unitas
88.5%
Dallas CowboysTroy Aikman
88.3%
StL Rams, Giants, CardinalsKurt Warner
84.6%
Oilers, Vikings, Sea Hawks, ChiefsWarren Moon
84.4%
Patriots, Bills, CowboysDrew Bledsoe
81.7%
Team Quarterback % Correct
Green Bay PackersBart Starr
80.4%
San Diego ChargersDan Fouts
74.6%
Philadelphia EaglesDonovan McNabb
74.3%
Minnesota Vikings, GiantsFran Tarkenton
74.2%
NY GiantsPhil Simms
71.6%
Dallas CowboysRoger Staubach
69.2%
Miami DolphinsBob Griese
64.1%
Bengals, Jets, CardinalsBoomer Esiason
61.2%
Raiders, Oilers, SaintsKen Stabler
45.2%
Cleveland BrownsOtto Graham
42.9%
Steelers, Browns, Dal. Texans, ChiefsLen Dawson
35.8%
LA Rams, EaglesRoman Gabriel
16.6%

You're not logged in!

Compare scores with friends on all Sporcle quizzes.
OR
Log In

From the Vault

Seven Summits Minefield

by JohnFran

Hopefully remembering all seven doesn't feel like a tall order.
Remove Ads.
Support Sporcle.
Get the best of Sporcle when you Go Orange. This ad-free experience offers more features, more stats, and more fun while also helping to support Sporcle. Thank you for becoming a member.

Show Comments

Extras

Top Quizzes Today


Score Distribution

Your Account Isn't Verified!

In order to create a playlist on Sporcle, you need to verify the email address you used during registration. Go to your Sporcle Settings to finish the process.

Report this User

Report this user for behavior that violates our Community Guidelines.

Details: